| 000 | 00707nam a22001577a 4500 | ||
|---|---|---|---|
| 005 | 20251108164729.0 | ||
| 008 | 250721s1983 xx 000 0 ara d | ||
| 082 | 1 | 4 | _a614.88/لوي |
| 100 | 1 | _aلويس الصغير، أرنولد م. | |
| 245 | 1 | 0 |
_aالرعاية العاجلة للمرضى و المصابين : _bدليل الأطباء في تدريب المساعديبن الطبيين على الممارسات الطبية العاجلة / |
| 264 | 1 |
_aالإسكندريه : _bالمكتب الإقليمي لمنظمة الصحة العالمية بشرق البحر المتوسط، _c1983. |
|
| 300 | _a198ص | ||
| 650 | 1 | 7 | _aالإسعاف الأولي |
| 942 |
_2ddc _cBK |
||
| 999 |
_c12934 _d12934 |
||